[Event "World Cup"]
[Site "Khanty-Mansiysk"]
[Date "2009.11.21"]
[Round "1.1"]
[White "Svidler, Peter"]
[Black "Hebert, Jean"]
[Result "1-0"]
[WhiteElo "2754"]
[BlackElo "2420"]
[Annotator "Erenburg,S"]
[PlyCount "131"]
[EventDate "2009.11.21"]
[EventType "k.o."]
[EventRounds "7"]
[EventCountry "RUS"]
[SourceTitle "CBM 134"]
[Source "ChessBase"]
[SourceDate "2010.01.18"]
[SourceVersion "1"]
[SourceVersionDate "2010.01.18"]
[SourceQuality "1"]

1. e4 e6 2. d4 d5 3. Nd2 Nf6 4. e5 Nfd7 5. c3 c5 6. Bd3 Nc6 7. Ne2 cxd4 8. cxd4
Nb6 {More principled is 8...f6} 9. O-O Bd7 10. Nf3 Nb4 {Black decides to solve
the problem of his light-squared bishop by exchanging it for White's knight.} (
10... Be7 11. Nf4 g6 {covering the h5 square.} 12. Nh3 $1 {[%csl Rf6,Rg5,Rg7,
Rh6][%cal Yc1h6] White is implementing a dark-squared strategy.} Nb4 13. Bb1
Bb5 14. Re1 a5 15. Bh6 a4 16. Nfg5 Bf8 17. Bxf8 Kxf8 18. Qf3 Qe7 19. Nf4 Ke8
20. h4 $16 {1-0 Brynell,S (2588)-Bjork,C (2485)/Sweden 2002/EXT 2003 (53)}) 11.
Bb1 Bb5 12. Re1 {[%cal Ye2c3]} ({In general, it is not a good idea for the
player with the space advantage to trade pieces. The following game
illustrates this idea:} 12. Bg5 Be7 13. h4 h6 14. Bxe7 Qxe7 15. Re1 Bxe2 16.
Qxe2 O-O-O 17. a3 Nc6 18. Bd3 Kb8 19. Qd2 Rc8 20. Rac1 Rc7 21. Rc3 Rhc8 $11 {
0-1 Berend,F (2371)-Hebert,J (2416)/Arvier 2009/CBM 132 Extra (77)}) 12... Bxe2
13. Rxe2 {Black has got rid of his passive light-squared bishop, but White is
still better thanks to his pair of bishops and space advantage.} Be7 $146 {
Novelty, which does not seem to impact the evaluation of this variation.} ({
Black did not equalize after} 13... Rc8 {as well:} 14. h4 Qc7 15. Bf4 Nc4 16.
a3 Nc6 17. Bd3 b5 18. Rc1 Qb6 19. Bb1 b4 20. axb4 Bxb4 21. Bd3 N4a5 22. Be3 h6
23. Qa4 O-O 24. Rec2 a6 25. h5 Rc7 26. g3 Rb8 27. Kg2 Qb7 28. b3 Qa8 29. g4 Rb6
30. Bd2 Bxd2 31. Nxd2 Ra7 32. Qxa5 {1-0 Fernandez Garcia,J (2400)-Hook,W (2210)
/Thessaloniki 1984/EXT 1997}) 14. a3 Nc6 15. Bd3 Qd7 {It is too dangerous to
castle short, so, Black prepares to castle queenside.} (15... O-O 16. Rc2 Rc8
17. Bf4 Qd7 18. Qd2 $16 {[%cal Yh2h4,Yh4h5] with a dangerous attack on the
kingside.}) 16. h4 h6 {Covering the g5-square.} 17. h5 {Fixing Black's
kingside pawns, which promises White a long-term advantage.} O-O-O 18. Rc2 Kb8
19. Bd2 Rc8 20. Rac1 $16 {There is no doubt that White has an obvious
advantage because of his superior pawn structure and his pair of bishops.} a6
21. Qe2 Na7 22. Ba5 Rxc2 23. Rxc2 Na8 24. Qe3 Rc8 25. Rxc8+ Kxc8 26. Qf4 {
Even though Black was able to exchange rooks, he still has weaknesses on the
kingside. White's plan is clear: advancing the f-pawn to create weaknesses.
Unfortunately for Black, he does not have any counterplay, so with precise
play White should be able to convert his advantage into victory.} Qe8 27. Qg4
Nc6 28. Bd2 Bf8 29. Ne1 {Preparing to attack Black's kingside with the advance
of the f-pawn and transferring the knight to c2, from where it will support
the central pawn.} Nc7 (29... Nb6 30. Nc2 Nc4 31. Bc3 $16) 30. Nc2 b6 31. f4 f5
32. Qe2 $1 {The new target for White's attack is the f5-pawn.} (32. exf6 {
is less convincing, since after} gxf6 {Black gets a chance to organize
counterplay by carrying out the e6-e5 breakthrough.}) 32... a5 33. g4 fxg4 34.
Qxg4 Ne7 {Trying to prevent f4-f5.} 35. Ne3 Kb7 36. Kf2 {Of course, Svidler
first improves the positions of his pieces.} Qa4 37. Bc3 Qe8 38. Kg3 Qf7 39.
Bd2 {The dark-squared bishop will be useful on the c1-h6 diagonal to put
pressure on Black's kingside pawns.} Nc6 40. f5 Be7 41. fxe6 Qxe6 42. Nf5 Bf8
43. Be2 Nd8 44. Bf3 $18 {[%csl Rd5,Rg7,Yh5,Rh6] One could notice how
consistently White has attacked Black's pawns on the kingside: the f7 and e6
bases were destroyed, which made the d5-pawn a brand new target.} Kc6 45. a4 {
Nice! White fixes black's queenside pawns on dark squares.} Nf7 46. b3 Nd8 47.
Bg2 {Transferring the bishop to the h3-c8 diagonal.} Qf7 48. Be3 Nde6 49. Bh3
Bb4 50. Kg2 Bf8 51. Qd1 Kd7 52. Qf3 Be7 ({Probably} 52... g6 {gave more
practical chances:} 53. hxg6 Qxg6+ 54. Qg4 Qxg4+ 55. Bxg4 Kc6 56. Kg3 {, but,
objectively speaking, White should be able to overcome Black's resistance
eventually.}) 53. Qg4 Bf8 54. Nh4 Kc6 55. Ng6 Bb4 56. Nf4 Ng5 57. Qf5 Qxf5 58.
Bxf5 Be7 59. Kg3 {[%cal Yg3g4,Yg4f5,Yf5g6]} b5 60. Kg4 bxa4 61. bxa4 Bb4 62.
Bc2 {Freeing the route to Black's kingside pawns for White's king.} Nge6 63.
Nxe6 Nxe6 64. Kf5 Kd7 65. Kg6 Ke7 66. Bf5 {Flawless endgame technique by
Svidler!} 1-0

[Event "London Classic"]
[Site "London"]
[Date "2009.12.14"]
[Round "6"]
[White "Howell, David"]
[Black "Nakamura, Hikaru"]
[Result "1/2-1/2"]
[WhiteElo "2597"]
[BlackElo "2715"]
[Annotator "Erenburg,S"]
[PlyCount "81"]
[EventDate "2009.12.08"]
[EventType "tourn"]
[EventRounds "7"]
[EventCountry "ENG"]
[EventCategory "18"]
[SourceTitle "CBM 134"]
[Source "ChessBase"]
[SourceDate "2010.01.18"]
[SourceVersion "1"]
[SourceVersionDate "2010.01.18"]
[SourceQuality "1"]

1. e4 e6 2. d4 d5 3. Nd2 Be7 4. Ngf3 Nf6 5. e5 Nfd7 6. Bd3 c5 7. c3 Nc6 8. O-O
g5 9. dxc5 Nxc5 {There is no established doctrine for which of White's pawn is
more important to eliminate. After the e5-pawn is captured, it is often the
case that White can develop a dangerous initiative via the centre.} ({In a
recent game Black did not equalise after} 9... Ndxe5 10. Nxe5 Nxe5 11. Nb3 Qc7
12. f4 Bxc5+ 13. Nxc5 Qxc5+ 14. Rf2 Nxd3 15. Qxd3 Bd7 16. Be3 Qc4 17. Qxc4 dxc4
18. fxg5 e5 19. Bc5 Rg8 20. h4 $16 {1-0 Mamedov,R (2626)-Bartel,M (2609)/Novi
Sad 2009/CBM 133 (54)}) (9... g4 10. Nd4 Ndxe5 11. Bb5 Bd7 12. N2b3 h5 13. Re1
Nxd4 $2 (13... Ng6 $142 $14) 14. Qxd4 Bxb5 15. Rxe5 Bf6 16. Bg5 $1 Bxg5 17.
Rxg5 $18 {1-0 Fedorchuk,S (2655)-Carron,J (2416)/Zuerich 2009/CBM 131 Extra 
(33)}) 10. Bb5 {Not giving up on the central pawn.} (10. Bc2 Nd7 (10... g4 11.
Nd4 Nxe5 12. f4 $1 gxf3 13. N2xf3 Ng6 14. Qe2 f5 15. c4 $1 dxc4 16. Qxc4 Qb6
17. Be3 $44 {0-1 Degraeve,J (2566)-Touzane,O (2347)/France 2004/EXT 2005 (38)})
11. Re1 g4 12. Nd4 Ndxe5 13. Nxc6 Nxc6 14. Qxg4 h5 15. Qd1 (15. Qe2 $5) 15...
e5 16. c4 Bg4 17. f3 $6 (17. Nf3 $142) 17... Be6 18. cxd5 Qxd5 19. Bb3 Qc5+ 20.
Kh1 O-O-O $15 {1/2-1/2 Dzhumaev,M (2529)-Volkov,S (2627)/Tashkent 2009/CBM 129
Extra (76)}) 10... h6 $146 {I don't know if this move was prepared at home or
found during the game, but its idea is obvious - to strengthen the g5-pawn and
see what White is going to do. Now Black's queen is no longer tied to the
g5-pawn.} (10... Bd7 11. Bxc6 (11. Qe2 a6 12. Bxc6 Bxc6 (12... bxc6 $5) 13. Nd4
Qd7 14. N2b3 Bb5 15. Nxb5 Qxb5 16. Qxb5+ axb5 17. Nxc5 (17. Nd4 b4 18. cxb4 Nd3
$15) 17... Bxc5 18. Bxg5 $16 {1-0 Parligras,M (2605)-Di Paolo,R (2336)/France
2009/CBM 129 Extra (40)}) (11. Re1 $6 g4 12. Bxc6 bxc6 13. Nd4 Nd3 14. Re3 Nxc1
15. Rxc1 c5 $15) 11... bxc6 12. Qe2 (12. Nd4 Nd3 $1 $13) 12... Qc7 13. c4 a5
14. b3 Qb6 15. Bb2 a4 16. Bd4 h6 $2 (16... g4 $5) 17. Rfb1 axb3 18. Nxb3 Rb8
19. Qe3 dxc4 20. Bxc5 Bxc5 21. Nxc5 $18 {1-0 Rublevsky,S (2672)-Sergeev,V 
(2417)/chessassistantclub.com INT 2004/EXT 2006 (38)}) (10... a6 11. Bxc6+ bxc6
12. Nd4 (12. b4 $1 {it is important to keep c5 under control.} Nd7 13. Nb3 g4
14. Nfd4 Nxe5 15. Bf4 Qc7 16. Bxe5 Qxe5 17. Nxc6 Qf4 18. Nxe7 Kxe7 19. g3 Qg5
20. Qd4 $16 {Smirin-Poldauf, Groningen 1990}) 12... Qc7 13. c4 a5 14. Qh5 Ba6
15. N2b3 O-O-O 16. Bxg5 Nxb3 17. axb3 Bxg5 18. Qxg5 dxc4 19. Qf6 Rhg8 20. Rfd1
Rg6 21. Qf3 Bb7 22. Qe3 Qe7 23. Rxa5 {1/2-1/2 Iuldachev,S (2537)-Reefat,B 
(2473)/Dhaka 2005/CBM 105 ext}) (10... Qb6 {Probably the best option. If White
takes, then the merits of the queen move compared to 10...Bd7 or 10...a6 need
no commentary.} 11. Nd4 (11. Qe2 a6 12. Bxc6+ bxc6 {looks Ok for Black.}) 11...
a6 $6 {Black decides to force things on the queenside, but leaving d7 free for
the knight.} ({If my analysis is correct, then the alternative} 11... Bd7 {
should be considered. White could now play as in the game, but then ...Bd7
will prove much more useful than ...a6. The only "but" to the bishop move is}
12. Nxc6 ({maybe} 12. Bxc6 bxc6 13. b4 Nd3 14. N2b3 $5 {is still possible.})
12... Bxc6 (12... bxc6 13. Be2 {is good for White now. In the game Black would
have ...Nd7, and there is no way to protect the e5-pawn.}) 13. Bxc6+ bxc6 14.
b3 {, which looks more comfortable for White yet still complicated.} (14. Qe2
$5)) 12. Bxc6+ (12. Nxc6 bxc6 13. Be2 Nd7) 12... bxc6 13. b4 $1 Nd7 {'?!'
Postny. After a long think, my opponent decided to retreat his knight. It
seems better to move forward, keeping the option to exchange the c1 bishop off
if necessary, although this is not easy for Black either.  Postny: 'This
passive move is the source for Black's trouble.'} ({After} 13... Nd3 {an idea
we did not pay too much attention to is} 14. N2b3 $1 (14. Qh5 a5 15. N2f3 Nxc1
16. Rfxc1 h6 17. Rcb1 $14 {is quite possible as well, but less direct.}) (14.
N2f3 Nxc1 15. Rxc1 a5 $13 {The evaluation of this position might be critical
for the whole opening variation.} (15... c5 $6 16. bxc5 Qxc5 17. c4 $36)) {
believing that} 14... Nxe5 (14... Nxc1 15. Rxc1 {is clearly better for White.
Black could still try to break the queenside bind by sacrificing the a-pawn,
but I doubt this will be enough to level the chances.}) 15. Qh5 h6 {was not
clear.} (15... Rg8 16. f4 $1) {But it is here that White has a nice little
combination which gives him the advantage:} 16. Bxg5 $1 Bxg5 17. f4 Ng6 18.
fxg5 {with excellent attacking chances. The exchange of dark-squared bishops
is clearly in White´s favour, whose knights are waiting to land on c5.}) 14.
Qh5 $1 Nxe5 15. N2f3 {White now gets his pawn back in all variations, while
keeping his attacking options.} Ng6 {'?!' Postny} (15... Nxf3+ 16. Nxf3 Bf6 {
would not help Black much either:} 17. Be3 Qb7 (17... Qc7 18. Bd4 {and after
the exchange of dark-squared bishops the dark holes in black's camp will
become extremely vulnerable. Nevertheless, this was a better choice for black.}
) 18. Bd4 Bxd4 19. cxd4 $16 {and the weak dark squares, together with the
king´s exposed position, is more than the black position can tolerate.}) 16.
Bxg5 Bxg5 (16... f6 {fails to} 17. Nh4 $1) 17. Nxg5 $1 {All White needs to do
now is ram forward with his f-pawn.} c5 $2 {The decisive error, but the
position is now very difficult.} (17... a5 18. a3 $16) 18. bxc5 Qxc5 19. f4 $1
Ra7 (19... Qxc3 20. Rad1 Ra7 21. Nxh7 $1 ({amazingly,} 21. f5 exf5 22. Nxh7 Re7
23. Nf6+ Kf8 24. Qg5 Re5 {is not so clear. For example,} 25. Nf3 Qc5+ 26. Kh1
Qe3) 21... Re7 22. Nf6+ Kd8 23. Qg5 $18) ({Another option that fails is} 19...
h6 20. Ngxe6 Bxe6 21. f5 Bxf5 22. Rae1+ $1 {, with a decisive attack.}) 20. Ne4
$1 {This move ends the game. Once the knight reaches f6 the king is going to
feel a bit claustrophobic.} Qc7 ({The problem with} 20... Qe7 {is} 21. Nc6 {
, which attacks the a7-rook -thus preventing ...Qh4-, which was not the case
one move earlier.} Qc7 22. Nf6+ Kf8 23. Qh6#) 21. Nf6+ Ke7 $6 (21... Kd8 22. f5
Qxc3 23. Rad1 Ne7 24. Qxf7 $18) 22. f5 Qxc3 23. Rad1 Qe3+ 24. Kh1 Kxf6 25.
fxe6+ $1 Nf4 (25... Kg7 26. Nf5+) (25... Ke7 26. Nf5+) 26. Qf5+ {1-0 Arizmendi
Martinez,J (2504)-Herraiz Hidalgo,H (2471)/Sant Lluis 2005/CBM 109/[Arizmendi]}
) 11. Qe2 Qc7 12. c4 {It makes sense to open up the game when the opponent's
king is still in the centre. However, it is not easy to evaluate this position:
White has not completed development yet, mostly because of awkward location of
the knight on d2.} (12. Nb3 {deserves attention as well.} Bd7 13. Nxc5 Bxc5 14.
Be3 Be7 (14... Bxe3 $2 15. Qxe3 Nxe5 $4 16. Qxe5 Qxe5 17. Bxd7+) 15. Rfe1 $14)
12... Bd7 13. cxd5 exd5 14. Nb3 Ne6 $1 {Of course, Black does not exchange one
of his most active pieces.} (14... g4 {is too risky and inconsistent with
Black's opening strategy implemented after 10...h6.} 15. Bxc6 bxc6 16. Nfd4 Ne4
17. f3 $36) 15. Rd1 ({Natural} 15. Bd2 {comes into consideration. If} g4 $5 (
15... a6 16. Bxc6 bxc6 17. Nfd4 c5 18. Nxe6 (18. Nf5 Nf4) 18... Bxe6 19. Rac1
Qb6 $13) {, then} 16. Bxc6 Qxc6 $1 17. Nfd4 Qc4 18. Qe3 $1 (18. Qxg4 $6 h5 19.
Qe2 Nxd4 20. Qxc4 Nf3+ $3 21. gxf3 dxc4 $17 {[%cal Yd7h3]}) 18... Nxd4 19. Qxd4
Qxd4 20. Nxd4 $14) 15... a6 16. Bxc6 bxc6 17. Be3 {[%csl Gc5,Gd4][%cal Ya1c1]}
({The alternative} 17. Nfd4 {seems good:} Nxd4 ({Now} 17... c5 {is bad, in
view of} 18. Nf5 Nf4 19. Qc2 $16) 18. Nxd4 c5 (18... O-O {makes the engine
feel happy, but not the human being.} 19. e6 $36) 19. e6 Bc8 20. exf7+ Kxf7 21.
Qf3+ $36) 17... g4 {It is the right time! Otherwise, White would simply take
control over the dark squares.} 18. Nfd4 Qxe5 19. Qxg4 h5 (19... Nxd4 {did not
promise equality:} 20. Qxd4 Qxd4 21. Bxd4 {and White is slightly better thanks
to the domination over the dark squares.}) 20. Qg3 $5 {Giving up on ambitions
to win the game, whereas, after} (20. Qf3 $1 {I haven't found a clear way for
Black to equalise.} Bd6 (20... Rg8 21. Re1 $14) (20... Ng5 $2 21. Bxg5 Qxg5 22.
Rac1 $16) 21. g3 O-O (21... h4 $2 22. Bf4 $1 {[%cal Yd1e1]} Nxd4 23. Nxd4 Qf6
24. Re1+ Kf8 25. Ne6+ $1 $18) 22. Re1 $14) 20... Qxg3 21. hxg3 h4 22. gxh4 Rxh4
$11 {The position which has arisen is simply equal: there are not enough
resources for either side to make any progress.} 23. Rac1 Rc8 24. Nf5 Ra4 25.
Nxe7 Kxe7 26. a3 Rb8 27. Nc5 Nxc5 28. Bxc5+ Kd8 29. Rd4 Rxd4 30. Bxd4 Rb3 31.
Kf1 Ke7 32. Rc3 Rxc3 33. Bxc3 c5 34. b4 Kd6 35. bxc5+ Kxc5 36. Ke2 Kc4 37. Bb4
d4 38. Kd2 f5 39. f3 Bc8 40. Bd6 a5 41. Bc7 1/2-1/2

[Event "Bundesliga 0405"]
[Site "Germany"]
[Date "2005.04.10"]
[Round "15.2"]
[White "Hracek, Zbynek"]
[Black "Stellwagen, Daniel"]
[Result "1-0"]
[WhiteElo "2595"]
[BlackElo "2524"]
[Annotator "Finkel,A"]
[PlyCount "63"]
[EventDate "2004.11.12"]
[EventType "team-tourn"]
[EventRounds "15"]
[EventCountry "GER"]
[SourceTitle "CBM 107"]
[Source "ChessBase"]
[SourceDate "2005.08.01"]
[SourceVersion "1"]
[SourceVersionDate "2005.08.01"]
[SourceQuality "1"]
[WhiteTeam "Werder Bremen"]
[BlackTeam "Solingen"]
[WhiteTeamCountry "GER"]
[BlackTeamCountry "GER"]

1. e4 e6 2. d4 d5 3. Nd2 Nf6 4. e5 Nfd7 5. Ngf3 c5 6. c3 Nc6 7. Bd3 Be7 8. O-O
g5 9. dxc5 Ndxe5 $6 {It seems that this move is too risky, so Black has to
look for other directions to reach equality.} (9... Nxc5 10. Bb5 a6 11. Bxc6+
bxc6 12. Nd4 Qc7 13. Qh5 Nd3 14. N2f3 c5 15. Ne2 Nxe5 16. Nxg5 $14 {Lie,
K-Bluvshtein,M/Gausdal 2003}) (9... g4 10. Nd4 Ndxe5 11. Bb5 Bd7 12. Bxc6 bxc6
13. f4 Nd3 14. b4 a5 15. N2b3 Nxc1 16. Qxc1 $36 {Smirin,I-Akobian,V/
Philadelphia 2004}) 10. Nxe5 (10. Bb5 Bd7 11. Qe2 Qc7 12. Re1 Ng6 13. Nb3 g4
14. Nfd4 e5 $132 {Rublevsky,S-Volkov,S/Ohrid 2001}) 10... Nxe5 11. Nb3 {
White doesn't really mind to trade his light-squared bishop since he's got
enough "good" pieces.} (11. Bb5+ Bd7 12. Bxd7+ Nxd7 13. b4 b6 14. c4 dxc4 15.
Nxc4 bxc5 16. Nd6+ Bxd6 17. Qxd6 Qb6 18. Qg3 $36 {Rublevsky,S-Morozevich,A/
Togliatti 2003}) 11... Bd7 (11... Nxd3 12. Qxd3 e5 13. Qe2 f6 14. Qh5+ Kf8 15.
h4 Kg7 16. hxg5 fxg5 17. Re1 Bf6 18. Rxe5 Bxe5 19. Bxg5 Qe8 (19... Bf6 20. Bh6+
Kg8 21. Re1 $18) 20. Bh6+ Kf6 21. Qg5+ Kf7 22. Re1 $18 {Degraeve,J-Pert,N/
Montpellier 2003}) 12. f4 $1 {Opening up the f-file is an important part of
White's plan.} Nxd3 (12... gxf4 $5 13. Bxf4 Nxd3 14. Qxd3 f6 (14... Bc6 $6 15.
Nd4 Bxc5 16. Be5 Rf8 17. Bg7 Qd6 18. Qxh7 O-O-O 19. Bxf8 Rxf8 20. Kh1 $16) 15.
Rae1 O-O 16. c4 dxc4 17. Qxc4 Kh8 $14) 13. Qxd3 h6 14. Be3 Qc7 15. Bd4 {
[%csl Gd4]} Rf8 (15... O-O-O 16. Be5 Bxc5+ 17. Nxc5 Qxc5+ 18. Bd4 Bb5 19. Qe3
Qc6 20. Bxh8 Bxf1 21. Bf6 Ba6 22. Bxd8 Kxd8 23. fxg5 {1-0 Ramesh,R-Bigg,A/Port
Erin 2004/CBM 102 ext (23)}) 16. fxg5 hxg5 17. Rae1 {[%csl Rf7] Black's main
problems are a weakness of the pawn on f7 and passive bishops.} O-O-O $6 (17...
g4 $6 18. Bg7 (18. Qh7 Bb5 19. Be5 (19. Rf2 $6 g3 20. hxg3 Qxg3 21. Bg7 Bd3 $1
$15) 19... Bxc5+ 20. Nxc5 Qxc5+ 21. Bd4 Qd6 22. Rf6 g3 23. h3 O-O-O 24. Rxf7
Bd3 $13) 18... Rg8 19. Qh7 Bxc5+ 20. Kh1 O-O-O 21. Rxf7 $16 {[%cal Gg7e5,Gb3d4]
}) (17... f5 $5) 18. Qh7 $1 Be8 $6 ({It was necessary to activate at least one
of the bishops to keep the pressure:} 18... Bb5 19. Rxf7 (19. Rf2 $6 f6 20.
Rxe6 Rh8 21. Rxe7 Rxh7 22. Rxc7+ Kxc7 23. Bxf6 Re8 $13) 19... Bd3 20. Qg7 Rxf7
21. Qxf7 Bf5 22. Re3 g4 23. Be5 Qd7 $14) 19. Rf2 $16 {[%csl Rf8][%cal Gd4g7]
All is set up for Bg7.} a5 20. Be5 Qd7 21. Bg7 a4 22. Bxf8 Bxf8 23. Qg8 $1 Be7
24. Nd4 Bxc5 $6 (24... Qc7 25. b4 axb3 26. Nxb3 e5 $16) 25. Qxg5 $18 Qc7 26. a3
$5 Bd6 27. g3 Qb6 28. Kg2 Kb8 29. h4 Rc8 30. h5 Bb5 31. Nxb5 Qxb5 32. h6 1-0

[Event "FRA-chT Top 16 GpB"]
[Site "Port Barcares"]
[Date "2005.05.05"]
[Round "9"]
[White "Delchev, Aleksander"]
[Black "Apicella, Manuel"]
[Result "1-0"]
[WhiteElo "2614"]
[BlackElo "2550"]
[Annotator "Finkel,A"]
[PlyCount "67"]
[EventDate "2005.05.04"]
[EventType "team"]
[EventRounds "11"]
[EventCountry "FRA"]
[SourceTitle "CBM 107"]
[Source "ChessBase"]
[SourceDate "2005.08.01"]
[SourceVersion "1"]
[SourceVersionDate "2005.08.01"]
[SourceQuality "1"]

1. e4 e6 2. d4 d5 3. Nd2 Nf6 4. e5 Nfd7 5. Bd3 c5 6. c3 Nc6 7. Ngf3 Be7 8. O-O
a5 9. Re1 c4 10. Bc2 b5 11. b3 $5 {For some reason this logical plan wasn't
used before. Regardless of what happens next it's useful for white to open the
b-file.} (11. Nf1 Nb6 12. Ng3 (12. h4 Bd7 13. Ng5 Bxg5 14. Bxg5 Ne7 15. Ng3 h6
16. Bd2 $14 {Bronstein,L-Dolezal,C/Buenos Aires 2003}) (12. N3d2 h5 13. f4 b4
14. Qf3 g6 15. g3 a4 16. a3 bxa3 17. bxa3 Na5 $132 {Navara,D-Kortschnoj,V/
Mallorca 2004}) 12... h5 13. h3 (13. h4 Bxh4 14. Nxh4 Qxh4 15. Be3 Kd7 16. Qd2
Qd8 17. Bg5 Qf8 18. Re3 Ne7 19. Rf3 $44 {Smirin,I-Shabalov,A/Vilnius 1988}) (
13. Qd2 b4 14. Qf4 a4 15. a3 bxc3 16. bxc3 Ra5 17. Ne2 Rb5 18. Qg3 g6 19. Ng5
Rg8 20. Nh7 Kd7 21. Qf3 $14 {Bauer,C-Nielsen,P/Germany 2000}) 13... Kd7 14. b3
g6 15. bxc4 Nxc4 16. Nd2 Kc7 17. Rb1 Ba6 18. Qf3 Rh7 19. Nxc4 bxc4 20. Bd2 $14
{De la Paz,F-Pecorelli Garcia,H/Varadero 2000}) 11... Nb6 12. bxc4 bxc4 (12...
Nxc4 $5 13. Nxc4 bxc4 14. Rb1 Bd7 15. Be3 Rb8 16. Qd2 O-O 17. Ng5 $36) 13. a4
$5 {[%csl Rb6,Rc6] Taking care of the queenside before launching an attack on
the other flank.} Bd7 14. Nf1 Ra7 (14... Qc7) 15. Ng3 h5 16. h4 $5 {[%cal
Gf3g5,Gd1f3] Black can't allow the white knight on g5 so he takes the pawn on
h4.} Bxh4 17. Nxh4 Qxh4 18. Be3 Qd8 (18... Rb7 19. Rb1 Rb8 20. Qc1 Qd8 21. Bg5
Qc7 22. Bh4 $16 {[%cal Gc1g5,Ge1e3,Ge3f3]}) 19. Nxh5 Qh4 20. g4 $16 {It's
clear that black is in trouble because there is nothing he can do to oppose
White's play on the kingside.} Qh3 {[%csl Gf3]} 21. Rb1 $1 {[%csl Gb1]} (21.
Nxg7+ $5 Kd8 22. Nh5 Rg8 23. g5 Rh8 24. Ng3 Ne7 25. Qf3 $16) 21... Nc8 22. Bd2
$5 {[%cal Ge1e3]} g6 23. Re3 Qh4 24. Nf6+ Kd8 25. Qf3 Qh2+ 26. Kf1 N6e7 $6 ({
It was possible to put up some resistance after} 26... Qh1+ 27. Ke2 Qxf3+ 28.
Rxf3 Be8 29. Bg5 N6e7 30. Nxe8 Kxe8 31. Bf6 Rh7 {but I doubt it would have an
influence on the outcome of the game.} 32. Rb5 $16) 27. Nxd7 Rxd7 28. Qxf7 $18
Kc7 29. Rf3 $1 Rdd8 (29... Rh3 30. Ke2 Rxf3 31. Qxf3 $18) 30. Qxe6 Rdf8 31. Rf6
Qh3+ 32. Ke2 Rxf6 33. exf6 Nf5 34. Bxf5 1-0